[Event "XI Open"]
[Site "Condino ITA"]
[Date "2011.07.26"]
[Round "2"]
[White "Petragnani, Gian Giacomo"]
[Black "Sheikh, Mohammed Zannatun"]
[Result "1-0"]
[WhiteElo "1738"]
[BlackElo "1512"]
[PlyCount "159"]
[EventDate "2011.07.25"]

1. Nf3 d6 2. g3 b6 3. Bg2 Bb7 4. O-O Nf6 5. d3 g6 6. Nbd2 Bg7 7. Re1 O-O 8. e4
Nbd7 9. Nc4 e5 10. a4 Re8 11. a5 a6 12. axb6 Nxb6 13. Na5 Bc8 14. Nc6 Qd7 15.
Nb4 c5 16. Na2 Ra7 17. Nc3 Qc6 18. h3 Bd7 19. Nh2 Qc8 20. g4 Bc6 21. f4 exf4
22. Bxf4 Qd7 23. Nf3 Re7 24. e5 Bxf3 25. Qxf3 dxe5 26. Bxe5 Ne8 27. Bxg7 Rxe1+
28. Rxe1 Kxg7 29. Qc6 Qxc6 30. Bxc6 Nf6 31. Bf3 Rd7 32. Ra1 a5 33. Rxa5 c4 34.
Be2 cxd3 35. Bxd3 Re7 36. Kf2 h6 37. Rb5 Nbd7 38. Nd5 Nxd5 39. Rxd5 Nf6 40. Rd4
Rb7 41. b3 h5 42. g5 Nd7 43. Rd5 f6 44. Bc4 Ne5 45. Ke3 Re7 46. gxf6+ Kxf6 47.
Rd6+ Kg5 48. Kf2 Rf7+ 49. Kg2 Nf3 50. Rd5+ Kh4 51. Bd3 Ne1+ 52. Kh1 Kxh3 53.
Re5 Ng2 54. Ba6 Nh4 55. Re3+ Kg4 56. Be2+ Nf3 57. c4 Kg3 58. Rxf3+ Rxf3 59.
Bxf3 Kxf3 60. c5 h4 61. c6 h3 62. c7 g5 63. c8=Q g4 64. Qc3+ Kf2 65. Kh2 Kf1
66. Qg3 Ke2 67. Qxg4+ Kf2 68. Qg3+ Ke2 69. Kxh3 Kd2 70. Kg2 Kc2 71. b4 Kb2 72.
Kf2 Kc2 73. Ke2 Kb2 74. Kd2 Kb1 75. Qb3+ Ka1 76. Qc4 Kb2 77. b5 Ka1 78. Qb4 Ka2
79. Kc2 Ka1 80. Qa3# 1-0

[Event "XI Open"]
[Site "Condino ITA"]
[Date "2011.07.26"]
[Round "2"]
[White "Pichler, Christoph"]
[Black "Medves, Adriano"]
[Result "1-0"]
[WhiteElo "1904"]
[BlackElo "1593"]
[PlyCount "59"]
[EventDate "2011.07.25"]

1. e4 g6 2. d4 Bg7 3. Nc3 d6 4. Be3 e6 5. Qd2 h6 6. Bc4 Nd7 7. Nge2 a6 8. a4 b6
9. O-O Ne7 10. f4 Nf6 11. h3 d5 12. Bd3 dxe4 13. Nxe4 Bb7 14. Nxf6+ Bxf6 15. g4
Bh4 16. c4 f5 17. Nc3 Qd7 18. Be2 Rd8 19. Rad1 Bf6 20. b4 O-O 21. Kh2 Kh7 22.
Bf3 Bxf3 23. Rxf3 Qc6 24. Qe2 Rfe8 25. b5 axb5 26. axb5 Qb7 27. Bf2 Nc8 28.
Rfd3 Nd6 29. R3d2 Nc8 30. Na2 $139 1-0

[Event "XI Open"]
[Site "Condino ITA"]
[Date "2011.07.26"]
[Round "2"]
[White "Pipitone, Antonio"]
[Black "Brun, Dario"]
[Result "0-1"]
[WhiteElo "1979"]
[BlackElo "2265"]
[PlyCount "66"]
[EventDate "2011.07.25"]

1. e4 e5 2. Nf3 Nc6 3. Bb5 f5 4. Nc3 fxe4 5. Nxe4 Nf6 6. Qe2 d5 7. Ng3 Bd6 8.
Bxc6+ bxc6 9. Nxe5 O-O 10. O-O Re8 11. d4 Ng4 12. h3 Nxe5 13. dxe5 Bxe5 14. Qd3
a5 15. Rd1 Qf6 16. c3 Ba6 17. Qc2 Bxg3 18. fxg3 Re2 19. Qxe2 Bxe2 20. Re1 Bc4
21. Bf4 Rf8 22. Re5 h6 23. h4 Bd3 24. Rae1 Be4 25. c4 Qg6 26. Re2 Qg4 27. Rf2
Qd1+ 28. Rf1 Qc2 29. Rf2 Qb1+ 30. Kh2 Qe1 31. Rf3 Rxf4 32. Rxf4 Qd2 33. Re8+
Kh7 0-1

[Event "XI Open"]
[Site "Condino ITA"]
[Date "2011.07.26"]
[Round "2"]
[White "Rubio Mejia, Luis Ignacio"]
[Black "Ventura, Sergio"]
[Result "1-0"]
[WhiteElo "2417"]
[BlackElo "2092"]
[PlyCount "63"]
[EventDate "2011.07.25"]

1. d4 d5 2. Nf3 Nf6 3. c4 c6 4. Nc3 e6 5. Bg5 Nbd7 6. e3 Qa5 7. cxd5 exd5 8.
Bd3 Ne4 9. Qc2 Nxg5 10. Nxg5 h6 11. Nf3 Nf6 12. a3 Bd6 13. O-O O-O 14. h3 a6
15. Ne5 c5 16. f4 c4 17. Be2 b5 18. Bf3 Bb7 19. g4 Qb6 20. h4 Rad8 21. Qg2 Rfe8
22. g5 hxg5 23. hxg5 Ne4 24. Nxe4 dxe4 25. Bxe4 Bxe4 26. Qxe4 a5 27. Rf2 Bxe5
28. fxe5 Qe6 29. Raf1 Re7 30. Rh2 Qg6 31. Qh4 f6 32. exf6 1-0

[Event "XI Open"]
[Site "Condino ITA"]
[Date "2011.07.26"]
[Round "2"]
[White "Schaefer, Heiko"]
[Black "Rotstein, Arkadij"]
[Result "0-1"]
[WhiteElo "2100"]
[BlackElo "2529"]
[PlyCount "60"]
[EventDate "2011.07.25"]

1. d4 Nf6 2. Nf3 e6 3. e3 b6 4. Bd3 Bb7 5. O-O c5 6. c4 g6 7. Nc3 Bg7 8. d5
exd5 9. cxd5 Nxd5 10. Nxd5 Bxd5 11. Bxg6 hxg6 12. Qxd5 Nc6 13. Rd1 Qe7 14. Rb1
Rh5 15. Qd2 O-O-O 16. a3 g5 17. h3 f5 18. Kf1 g4 19. Ng1 gxh3 20. Nxh3 f4 21.
Qd6 Qe4 22. Qd3 Qxd3+ 23. Rxd3 f3 24. Ng1 fxg2+ 25. Kxg2 Rg8 26. Kf1 Ne5 27.
Rd5 Bf6 28. f4 Rh1 29. fxe5 Rgxg1+ 30. Ke2 Be7 0-1

[Event "XI Open"]
[Site "Condino ITA"]
[Date "2011.07.26"]
[Round "2"]
[White "Tricerri, Pierino"]
[Black "Carletti, Davide"]
[Result "0-1"]
[WhiteElo "1508"]
[BlackElo "1660"]
[PlyCount "102"]
[EventDate "2011.07.25"]

1. d4 Nf6 2. c4 g6 3. Nc3 Bg7 4. e4 d6 5. Be3 O-O 6. Nge2 e5 7. f3 Nc6 8. Qd2
Qe7 9. d5 Nd8 10. b4 Ne8 11. c5 f5 12. cxd6 cxd6 13. Na4 Qh4+ 14. Bf2 Qf6 15.
Nec3 f4 16. Bb5 g5 17. O-O-O Qe7 18. Qc2 Bd7 19. Bc4 Rc8 20. Bb3 b5 21. Nc5 Kh8
22. Na6 Nf6 23. Bxa7 Be8 24. Bb6 Qb7 25. Bxd8 Rxd8 26. Nc5 dxc5 27. bxc5 Bf7
28. Qe2 Rb8 29. h4 gxh4 30. Rxh4 Bg6 31. Rdh1 Rfc8 32. Qf2 Bf8 33. c6 Qb6 34.
Qe1 Bb4 35. Kc2 Rc7 36. Rg1 Qc5 37. g4 Nxd5 38. Bxd5 Bxc3 39. Qxc3 Qxd5 40. Kb2
Qd4 41. Qxd4 exd4 42. Rc1 Rbc8 43. g5 Rxc6 44. Rxc6 Rxc6 45. Rxf4 Kg7 46. e5 d3
47. Rd4 Kf7 48. Rf4+ Ke6 49. Rf6+ Kd5 50. Rxc6 Kxc6 51. Kc3 Kd5 0-1

[Event "XI Open"]
[Site "Condino ITA"]
[Date "2011.07.26"]
[Round "3"]
[White "Barucco, Mattia"]
[Black "Barlotti, Gabriele"]
[Result "1-0"]
[WhiteElo "1976"]
[BlackElo "1668"]
[PlyCount "88"]
[EventDate "2011.07.25"]

1. e4 e6 2. d4 d5 3. e5 c5 4. c3 Nc6 5. Nf3 Qb6 6. a3 f6 7. b4 c4 8. Be2 Bd7 9.
Be3 Nce7 10. a4 a6 11. O-O Nf5 12. Qc2 Nxe3 13. fxe3 f5 14. Nbd2 Be7 15. Rfb1
Nh6 16. Nf1 O-O 17. Qd2 Rf7 18. Kh1 Ng4 19. Qe1 Qd8 20. h3 Nh6 21. N1h2 Kh8 22.
a5 g5 23. Nd2 Qg8 24. Qd1 Rg7 25. g4 Be8 26. Qg1 f4 27. e4 dxe4 28. Nxe4 f3 29.
Bxf3 Bc6 30. Rf1 Rf8 31. Bg2 Rf4 32. Rxf4 gxf4 33. Nc5 Nf5 34. Bxc6 Bxc5 35.
Bf3 Be7 36. Qd1 Ne3 37. Qe2 h5 38. Ra2 hxg4 39. Bxg4 Rh7 40. Qf3 Bh4 41. Qxf4
Bg5 42. Qg3 Qe8 43. Bf3 Bh4 44. Qf4 Be1 1-0

[Event "XI Open"]
[Site "Condino ITA"]
[Date "2011.07.26"]
[Round "3"]
[White "Brun, Dario"]
[Black "Rubio Mejia, Luis Ignacio"]
[Result "1/2-1/2"]
[WhiteElo "2265"]
[BlackElo "2417"]
[PlyCount "80"]
[EventDate "2011.07.25"]

1. d4 Nf6 2. c4 e6 3. Nc3 Bb4 4. Qc2 c5 5. dxc5 O-O 6. a3 Bxc5 7. Nf3 b6 8. Bg5
Bb7 9. e4 h6 10. Bh4 Be7 11. Rd1 Nh5 12. Bxe7 Qxe7 13. Be2 Nf4 14. O-O Nc6 15.
Rfe1 Nxe2+ 16. Rxe2 d6 17. Nb5 Ne5 18. Nxd6 Nxf3+ 19. gxf3 Bc6 20. b4 Qg5+ 21.
Kh1 Qf4 22. Qc3 Rad8 23. c5 bxc5 24. bxc5 f5 25. Rg1 Rd7 26. Rg3 Rb8 27. Rb2
Rxb2 28. Qxb2 fxe4 29. Qd4 Qc1+ 30. Rg1 Qxa3 31. fxe4 Qf3+ 32. Rg2 a5 33. Qe5
Qd1+ 34. Rg1 Qf3+ 35. Rg2 Re7 36. Nf5 exf5 37. Qxe7 Qd1+ 38. Rg1 Qf3+ 39. Rg2
Qd1+ 40. Rg1 Qf3+ 1/2-1/2

[Event "XI Open"]
[Site "Condino ITA"]
[Date "2011.07.26"]
[Round "3"]
[White "Carletti, Angelo"]
[Black "Panjkovic, Stefan"]
[Result "1/2-1/2"]
[WhiteElo "1849"]
[BlackElo "1626"]
[PlyCount "66"]
[EventDate "2011.07.25"]

1. e4 d5 2. exd5 Qxd5 3. Nc3 Qa5 4. d4 Nf6 5. Nf3 c6 6. Be2 Bf5 7. O-O e6 8.
Ne5 Bb4 9. Bd2 O-O 10. a3 Bxc3 11. Bxc3 Qc7 12. Bd2 h6 13. h3 Nbd7 14. Bf4 Nxe5
15. Bxe5 Qe7 16. Bd3 Bxd3 17. Qxd3 Rfd8 18. Qg3 Rac8 19. Rfd1 c5 20. dxc5 Rxc5
21. Bd6 Rxd6 22. Qxd6 Qxd6 23. Rxd6 Rxc2 24. Rd8+ Kh7 25. b4 Kg6 26. Ra8 a6 27.
Ra7 Rc7 28. Rb1 Nd5 29. b5 Nc3 30. bxa6 Nxb1 31. axb7 Rc1+ 32. Kh2 Nd2 33. b8=Q
Nf1+ 1/2-1/2

[Event "XI Open"]
[Site "Condino ITA"]
[Date "2011.07.26"]
[Round "3"]
[White "Carletti, Davide"]
[Black "Nepi, Ezio"]
[Result "0-1"]
[WhiteElo "1660"]
[BlackElo "1930"]
[PlyCount "112"]
[EventDate "2011.07.25"]

1. e4 c5 2. Nf3 d6 3. d3 Nc6 4. Nbd2 g6 5. g3 Bg7 6. Bg2 Nf6 7. O-O O-O 8. Ne1
Rb8 9. f4 b5 10. e5 Bg4 11. exf6 Bxd1 12. fxg7 Kxg7 13. Bxc6 d5 14. a4 a6 15.
b3 Bg4 16. c4 bxc4 17. bxc4 e6 18. a5 Qd6 19. Ba4 dxc4 20. Ra3 Be2 21. Nxc4 Qd5
22. Ne3 Qd6 23. Nc4 Qd8 24. Rf2 Rb1 25. Bb2+ Rxb2 26. Nxb2 Qd4 27. Nc4 Bxd3 28.
Rxd3 Qxc4 29. Bb3 Qb5 30. Nc2 Qxa5 31. Rd7 Qb6 32. Bc4 Qc6 33. Rfd2 Rb8 34. Kf2
a5 35. R2d6 Qe4 36. Bd3 Qh1 37. Bf1 Rb2 38. Rd2 a4 39. Na3 Qxh2+ 40. Bg2 Rb3
41. R7d3 Qh5 42. Rxb3 axb3 43. Nc4 Qf5 44. Bf1 g5 45. Bd3 Qf6 46. Kf3 Qd4 47.
Be2 Qc3+ 48. Kf2 gxf4 49. gxf4 h5 50. Rd3 Qc2 51. Rd2 Qf5 52. Ke3 h4 53. Bd3
Qh3+ 54. Ke4 Kf6 55. Be2 Ke7 56. Ne5 f5# 0-1

[Event "XI Open"]
[Site "Condino ITA"]
[Date "2011.07.26"]
[Round "3"]
[White "Cesati Cassin, Giorgio"]
[Black "Monzeglio, Graziella"]
[Result "1-0"]
[WhiteElo "1585"]
[BlackElo "1486"]
[PlyCount "89"]
[EventDate "2011.07.25"]

1. e4 d5 2. exd5 Qxd5 3. Nc3 Qe5+ 4. Be2 c6 5. d4 Qc7 6. Be3 e6 7. Nf3 Nf6 8.
h3 Nbd7 9. Qd2 Bb4 10. a3 Bxc3 11. bxc3 O-O 12. Bd3 Nd5 13. Ng5 N7f6 14. Ne4
Nxe4 15. Bxe4 Nxe3 16. Qxe3 f5 17. Bd3 Qa5 18. Qd2 e5 19. c4 Qxd2+ 20. Kxd2
exd4 21. Rhe1 a6 22. Re7 Rf7 23. Re8+ Rf8 24. Rae1 Bd7 25. R8e7 Rad8 26. c5 Kh8
27. Bc4 Rfe8 28. Kd3 Rxe7 29. Rxe7 Re8 30. Rxd7 g6 31. Rxb7 Re1 32. Kxd4 Re4+
33. Kd3 g5 34. Rb8+ Kg7 35. Rg8+ Kf6 36. Rf8+ Ke5 37. Re8+ Kf4 38. Rxe4+ fxe4+
39. Ke2 a5 40. Ba6 Ke5 41. Ke3 Kd5 42. c4+ Kxc5 43. Kxe4 Kd6 44. Kf5 h6 45. Kg6
1-0

[Event "XI Open"]
[Site "Condino ITA"]
[Date "2011.07.26"]
[Round "3"]
[White "Dappiano, Andrea"]
[Black "De Santis, Alessio"]
[Result "1/2-1/2"]
[WhiteElo "2072"]
[BlackElo "2305"]
[PlyCount "26"]
[EventDate "2011.07.25"]

1. c4 e5 2. Nc3 Nc6 3. g3 g6 4. Bg2 Bg7 5. e4 d6 6. Nge2 Nge7 7. O-O O-O 8. d3
Bd7 9. Bg5 h6 10. Be3 Nd4 11. Qd2 Kh7 12. f4 Nxe2+ 13. Qxe2 exf4 1/2-1/2

[Event "XI Open"]
[Site "Condino ITA"]
[Date "2011.07.26"]
[Round "3"]
[White "Galas, Franco"]
[Black "Pipitone, Antonio"]
[Result "0-1"]
[WhiteElo "1758"]
[BlackElo "1979"]
[PlyCount "54"]
[EventDate "2011.07.25"]

1. d4 Nf6 2. Nf3 d6 3. Bg5 Nbd7 4. Bxf6 Nxf6 5. c3 c6 6. e3 Qb6 7. b3 g6 8.
Nbd2 Bg7 9. Bd3 O-O 10. Qc2 Re8 11. h4 Bg4 12. Nh2 Bd7 13. g4 e5 14. g5 Nh5 15.
Be2 exd4 16. cxd4 Bxd4 17. Bxh5 Bxa1 18. Be2 d5 19. Nhf3 Bf5 20. Qc1 Bg7 21. h5
d4 22. e4 Bxe4 23. Nxe4 Rxe4 24. Kf1 Rxe2 25. Kxe2 Qb5+ 26. Qc4 Re8+ 27. Kd3
Qf5+ 0-1

[Event "XI Open"]
[Site "Condino ITA"]
[Date "2011.07.26"]
[Round "3"]
[White "Garonzi, Martino"]
[Black "De Vita, Gianni"]
[Result "1-0"]
[WhiteElo "2002"]
[BlackElo "2090"]
[PlyCount "59"]
[EventDate "2011.07.25"]

1. e4 Nf6 2. e5 Nd5 3. c4 Nb6 4. d4 d6 5. exd6 cxd6 6. Nc3 g6 7. Be3 Bg7 8. Rc1
e6 9. Nf3 O-O 10. Be2 Nc6 11. O-O e5 12. d5 Ne7 13. c5 Nd7 14. Ne4 dxc5 15.
Nxc5 Nf5 16. Bg5 Qb6 17. Na4 Qd6 18. Nc3 h6 19. Bd2 a6 20. Bc4 b5 21. Ne4 Qb8
22. Bb3 Re8 23. Ba5 Ra7 24. Qc2 Nd4 25. Nxd4 exd4 26. Bc7 Rxc7 27. Qxc7 Qxc7
28. Rxc7 Be5 29. d6 a5 30. Rfc1 1-0

[Event "XI Open"]
[Site "Condino ITA"]
[Date "2011.07.26"]
[Round "3"]
[White "Girelli, Sergio"]
[Black "Schaefer, Heiko"]
[Result "0-1"]
[WhiteElo "1792"]
[BlackElo "2100"]
[PlyCount "68"]
[EventDate "2011.07.25"]

1. e4 e6 2. d4 d5 3. Nc3 Nf6 4. Bg5 Bb4 5. e5 h6 6. Bd2 Bxc3 7. bxc3 Ne4 8. Bd3
Nxd2 9. Qxd2 c5 10. Nf3 Nc6 11. O-O Qa5 12. Rfd1 Bd7 13. Be2 Rc8 14. Qe3 cxd4
15. cxd4 Nb4 16. Bd3 Nxc2 17. Bxc2 Rxc2 18. Qb3 Ba4 19. Qxb7 O-O 20. Rdc1 Qc3
21. Qb1 Rc8 22. Rxc2 Bxc2 23. Qe1 Qc4 24. Rc1 Qa4 25. Qd2 Rc4 26. Ne1 Be4 27.
Rxc4 dxc4 28. h3 a5 29. Nf3 Qb4 30. Qxb4 axb4 31. Nd2 c3 32. Nb3 Bd5 33. Nc1 c2
34. f3 Bxa2 0-1

[Event "XI Open"]
[Site "Condino ITA"]
[Date "2011.07.26"]
[Round "3"]
[White "Medves, Adriano"]
[Black "Tricerri, Pierino"]
[Result "1-0"]
[WhiteElo "1593"]
[BlackElo "1508"]
[PlyCount "67"]
[EventDate "2011.07.25"]

1. b4 Nf6 2. Bb2 d6 3. Nf3 e5 4. e3 Be7 5. Be2 O-O 6. c4 Bg4 7. Nc3 Nbd7 8. O-O
e4 9. Nd4 Bxe2 10. Qxe2 Ne5 11. Rab1 b6 12. Ba1 c5 13. bxc5 dxc5 14. Nf5 Qd7
15. Nxe7+ Qxe7 16. f3 exf3 17. gxf3 Rad8 18. d4 cxd4 19. exd4 Nc6 20. Qxe7 Nxe7
21. Nb5 Rd7 22. Rfe1 Nf5 23. d5 Nh4 24. Kf2 Nh5 25. Re5 Nf4 26. Re4 Nhg6 27.
Nd4 Nd3+ 28. Kg2 Rc8 29. Nf5 f6 30. Rd1 Nge5 31. f4 Nc5 32. Re2 Kf7 33. fxe5
Re8 34. e6+ 1-0

[Event "XI Open"]
[Site "Condino ITA"]
[Date "2011.07.26"]
[Round "3"]
[White "Menichini, Massimo"]
[Black "Calabrese, Maurizio"]
[Result "1-0"]
[WhiteElo "1791"]
[BlackElo "1567"]
[PlyCount "77"]
[EventDate "2011.07.25"]

1. e4 e5 2. Nf3 Nc6 3. Nc3 d6 4. Bb5 Bd7 5. O-O Nf6 6. d4 h6 7. Bxc6 Bxc6 8.
dxe5 Nxe4 9. Nxe4 Bxe4 10. Re1 d5 11. Bf4 Bf5 12. Nd4 Be6 13. Nxe6 fxe6 14.
Qh5+ Kd7 15. c4 c6 16. cxd5 cxd5 17. Rac1 Bb4 18. Red1 Qe7 19. Qh3 Ke8 20. Qd3
Rf8 21. Bg3 Rf5 22. a3 a5 23. axb4 axb4 24. Qb5+ Kf7 25. h3 Rd8 26. Rd4 g5 27.
Rxb4 Rd7 28. Rb3 h5 29. Qe2 Kg6 30. Qc2 h4 31. Bh2 Kg7 32. Rc3 Rf7 33. Qe2 Kh6
34. Rf3 Qb4 35. Kh1 d4 36. Rf6+ Rxf6 37. exf6 d3 38. Qxe6 Qxb2 39. f7+ 1-0

[Event "XI Open"]
[Site "Condino ITA"]
[Date "2011.07.26"]
[Round "3"]
[White "Qendro, Llambi"]
[Black "Panjkovic, Aleksandar"]
[Result "1/2-1/2"]
[WhiteElo "2343"]
[BlackElo "2173"]
[PlyCount "37"]
[EventDate "2011.07.25"]

1. d4 d6 2. c4 g6 3. Nc3 Bg7 4. e4 a6 5. f3 c6 6. a4 a5 7. Be3 Na6 8. Qd2 Nf6
9. Nge2 Qc7 10. Nc1 O-O 11. Be2 e5 12. O-O Nb4 13. N1a2 Nxa2 14. Rxa2 Nh5 15.
Rd1 f5 16. b3 f4 17. Bf2 g5 18. dxe5 Bxe5 19. Bd4 1/2-1/2

[Event "XI Open"]
[Site "Condino ITA"]
[Date "2011.07.26"]
[Round "3"]
[White "Raselli, Claudio"]
[Black "Medves, Enrico"]
[Result "1/2-1/2"]
[WhiteElo "1930"]
[BlackElo "1593"]
[PlyCount "56"]
[EventDate "2011.07.25"]

1. e4 e5 2. Nf3 Nf6 3. Nxe5 d6 4. Nf3 Nxe4 5. c4 Be7 6. Nc3 Nxc3 7. dxc3 O-O 8.
Bd3 Bg4 9. Qc2 g6 10. h3 Bxf3 11. gxf3 f5 12. f4 Nd7 13. Be3 Kh8 14. O-O-O Qe8
15. h4 h5 16. Bd4+ Bf6 17. Rhg1 Nc5 18. Rde1 Nxd3+ 19. Qxd3 Qf7 20. Re3 Rae8
21. Rge1 Rxe3 22. Qxe3 Kg8 23. Bxf6 Qxf6 24. Qe7 Qxe7 25. Rxe7 Rf7 26. Re6 Kg7
27. Kd2 Rf6 28. Re7+ Rf7 1/2-1/2

[Event "XI Open"]
[Site "Condino ITA"]
[Date "2011.07.26"]
[Round "3"]
[White "Rotstein, Arkadij"]
[Black "Medancic, Rikard"]
[Result "1-0"]
[WhiteElo "2529"]
[BlackElo "2275"]
[PlyCount "103"]
[EventDate "2011.07.25"]

1. e4 d5 2. exd5 Qxd5 3. Nc3 Qe5+ 4. Nge2 c6 5. d4 Qa5 6. Ng3 Nf6 7. Bc4 e6 8.
O-O Be7 9. Re1 O-O 10. Bf4 Rd8 11. Bd3 Nbd7 12. a3 Re8 13. h4 Qd8 14. Qf3 Nf8
15. Rad1 Nd5 16. Nxd5 exd5 17. h5 Ne6 18. Nf5 Nxf4 19. Nxe7+ Rxe7 20. Qxf4 h6
21. Re5 Rxe5 22. Qxe5 Be6 23. Re1 Kf8 24. Re3 Qb8 25. f4 Qxe5 26. dxe5 Bg4 27.
Be2 d4 28. Re4 Bxe2 29. Rxe2 Rd8 30. Rd2 Rd5 31. Kf2 f6 32. exf6 gxf6 33. g4
Kf7 34. Kf3 Ke6 35. Re2+ Kd7 36. Ke4 Kd6 37. Rd2 Kc5 38. Rg2 a5 39. g5 fxg5 40.
fxg5 hxg5 41. h6 g4 42. Rh2 g3 43. h7 g2 44. Rxg2 Rh5 45. Rg5+ Rxg5 46. h8=Q
Rd5 47. Qg8 b6 48. Qe6 b5 49. b3 b4 50. Qe7+ Kb5 51. Qb7+ Kc5 52. Qa7+ 1-0

[Event "XI Open"]
[Site "Condino ITA"]
[Date "2011.07.26"]
[Round "3"]
[White "Sheikh, Mohammed Zannatun"]
[Black "Menon, Michele"]
[Result "0-1"]
[WhiteElo "1512"]
[BlackElo "1775"]
[PlyCount "174"]
[EventDate "2011.07.25"]

1. e4 d6 2. d4 Nf6 3. Nc3 c6 4. Nf3 Bg4 5. Bd3 e6 6. h3 Bh5 7. Be3 Be7 8. g4
Bg6 9. Qd2 b5 10. h4 b4 11. Ne2 Bxe4 12. Bxe4 Nxe4 13. Qxb4 Nd7 14. Qc4 Qc8 15.
Qd3 d5 16. c3 Rb8 17. Rb1 c5 18. Bf4 Rb6 19. Ng3 Nxg3 20. Bxg3 Nf6 21. Ne5 Ne4
22. Qf3 O-O 23. Bf4 cxd4 24. cxd4 Bb4+ 25. Ke2 Qc2+ 26. Kf1 Qxb1+ 27. Kg2 Qxb2
28. Nd7 Rc8 29. Nxb6 axb6 30. a4 Qxd4 31. Be3 Qe5 32. Bxb6 Nd2 33. Qd1 Qe4+ 34.
f3 Qd3 35. Bf2 Qc2 36. Qa1 Qb3 37. Qd1 Qxd1 38. Rxd1 Nc4 39. Rb1 Ba5 40. Rb5 h6
41. h5 Ra8 42. Kh3 Bd2 43. Kg3 Rxa4 44. Rb8+ Kh7 45. Rf8 f6 46. Re8 e5 47. Re7
Bf4+ 48. Kh3 Ra2 49. Bg3 Bxg3 50. Kxg3 d4 51. Rc7 Ne3 52. Rc1 Rc2 53. Re1 Rg2+
54. Kh3 Rc2 55. Kg3 g6 56. Ra1 gxh5 57. gxh5 Rc7 58. f4 Rd7 59. Kf3 Kg7 60. Ke4
Re7 61. Rg1+ Kh7 62. fxe5 fxe5 63. Kd3 Nd5 64. Kc4 Nf4 65. Rh1 Rc7+ 66. Kb3 d3
67. Rd1 e4 68. Kb2 e3 69. Rc1 Rxc1 70. Kxc1 Nxh5 71. Kd1 Nf4 72. Ke1 Kg6 73.
Kd1 Kg5 74. Ke1 Kg4 75. Kd1 Kf3 76. Ke1 h5 77. Kd1 h4 78. Ke1 h3 79. Kd1 h2 80.
Kc1 h1=Q+ 81. Kb2 d2 82. Kc3 d1=Q 83. Kc4 Qd5+ 84. Kc3 Qc1+ 85. Kb4 Qdc5+ 86.
Kb3 Qb5+ 87. Ka2 Qcb2# 0-1

[Event "XI Open"]
[Site "Condino ITA"]
[Date "2011.07.26"]
[Round "3"]
[White "Stoppa, Omar"]
[Black "Poletti, Fausto"]
[Result "1-0"]
[WhiteElo "2286"]
[BlackElo "1940"]
[PlyCount "81"]
[EventDate "2011.07.25"]

1. e4 c5 2. Nf3 Nc6 3. d4 cxd4 4. c3 d3 5. Bxd3 d6 6. Bc4 Bg4 7. Bxf7+ Kxf7 8.
Ng5+ Ke8 9. Qxg4 Nf6 10. Qe6 Qc8 11. Qf7+ Kd7 12. Qe6+ Ke8 13. Qxc8+ Rxc8 14.
Nd2 h6 15. Ngf3 g5 16. O-O Bg7 17. Re1 Ng4 18. Nf1 Nge5 19. Nxe5 Nxe5 20. Rd1
Nc4 21. Ne3 Kf7 22. f3 Rc6 23. Nxc4 Rxc4 24. a4 Ke6 25. Be3 a6 26. Kf2 Rf8 27.
Ke2 Be5 28. Kd3 Rcc8 29. h3 Bf4 30. Bd4 Be5 31. Ra3 h5 32. Rb3 Bxd4 33. Kxd4
Rc7 34. Ke3 h4 35. Rb6 Rb8 36. Rd5 Rc6 37. Rb4 Kf6 38. Rf5+ Kg6 39. f4 Rc5 40.
Rxc5 dxc5 41. Rb6+ 1-0

[Event "XI Open"]
[Site "Condino ITA"]
[Date "2011.07.26"]
[Round "3"]
[White "Ventura, Sergio"]
[Black "Petragnani, Gian Giacomo"]
[Result "1-0"]
[WhiteElo "2092"]
[BlackElo "1738"]
[PlyCount "71"]
[EventDate "2011.07.25"]

1. f4 g6 2. e4 Bg7 3. d4 c5 4. d5 d6 5. Nf3 Nf6 6. c3 O-O 7. Bd3 Nbd7 8. Be3
Nb6 9. Qe2 Ng4 10. Bg1 f5 11. exf5 Bxf5 12. Bxf5 gxf5 13. Ng5 Rf6 14. h3 Nh6
15. Ne6 Qd7 16. c4 Nf7 17. g4 Nd8 18. Nxg7 Kxg7 19. g5 Rf7 20. Nc3 e6 21. O-O-O
exd5 22. Nxd5 Nxd5 23. Rxd5 b6 24. Be3 Nb7 25. Bd2 Re8 26. Qh5 Re6 27. Rg1 Nd8
28. Bc3+ Kf8 29. g6 hxg6 30. Rxg6 Rxg6 31. Qxg6 Ke7 32. Be5 Nb7 33. h4 Qe6 34.
Bxd6+ Nxd6 35. Re5 Qxe5 36. fxe5 1-0

[Event "XI Open"]
[Site "Condino ITA"]
[Date "2011.07.27"]
[Round "4"]
[White "Barlotti, Gabriele"]
[Black "Carletti, Angelo"]
[Result "1/2-1/2"]
[WhiteElo "1668"]
[BlackElo "1849"]
[PlyCount "48"]
[EventDate "2011.07.25"]

1. d4 Nf6 2. c4 g6 3. Nc3 Bg7 4. e4 d6 5. Be2 O-O 6. Bg5 Nbd7 7. g4 c5 8. d5
Qa5 9. Qd2 a6 10. f3 Rb8 11. a4 Qb4 12. h4 Nb6 13. h5 Nxc4 14. Bxc4 Qxc4 15.
hxg6 fxg6 16. Nge2 Bxg4 17. Bxf6 Bxf3 18. Bxg7 Bxh1 19. Bxf8 Rxf8 20. Ng3 Rf3
21. O-O-O Rxg3 22. Rxh1 h5 23. Qh6 Rxc3+ 24. bxc3 Qxc3+ 1/2-1/2

[Event "XI Open"]
[Site "Condino ITA"]
[Date "2011.07.27"]
[Round "4"]
[White "Calabrese, Maurizio"]
[Black "Galas, Franco"]
[Result "1-0"]
[WhiteElo "1567"]
[BlackElo "1758"]
[PlyCount "67"]
[EventDate "2011.07.25"]

1. d4 d6 2. c4 e6 3. Nc3 Nf6 4. g3 Be7 5. Nf3 b6 6. Bg2 Bb7 7. Qc2 Nbd7 8. Bd2
c6 9. b4 c5 10. dxc5 dxc5 11. Bf4 O-O 12. Nb5 Nh5 13. Rd1 Nxf4 14. gxf4 Qc8 15.
Nd6 Bxd6 16. Rxd6 Nf6 17. O-O cxb4 18. Rfd1 Qc5 19. Ne5 Bxg2 20. Kxg2 Rac8 21.
f3 Nd5 22. R1xd5 exd5 23. Rd7 a5 24. Qf5 Rc7 25. Rxd5 Qe7 26. Qd3 f6 27. Ng4
Re8 28. e4 Rec8 29. Ne3 Qf7 30. Rd8+ Qf8 31. Rxf8+ Rxf8 32. Qd6 Rfc8 33. Nf5
Rxc4 34. Ne7+ 1-0

[Event "XI Open"]
[Site "Condino ITA"]
[Date "2011.07.27"]
[Round "4"]
[White "De Santis, Alessio"]
[Black "Barucco, Mattia"]
[Result "1-0"]
[WhiteElo "2305"]
[BlackElo "1976"]
[PlyCount "45"]
[EventDate "2011.07.25"]

1. d4 Nf6 2. c4 e6 3. Nc3 Bb4 4. f3 O-O 5. e4 d6 6. Nge2 e5 7. a3 Bxc3+ 8. Nxc3
Nc6 9. d5 Ne7 10. Bg5 Ne8 11. Qd2 f6 12. Bh4 Ng6 13. Bf2 f5 14. h4 Ne7 15.
O-O-O f4 16. h5 Kh8 17. Be2 Nf6 18. g3 fxg3 19. Bxg3 a6 20. h6 g6 21. f4 Nd7
22. fxe5 dxe5 23. Bg4 1-0

[Event "XI Open"]
[Site "Condino ITA"]
[Date "2011.07.27"]
[Round "4"]
[White "Gardi, Giuseppe"]
[Black "Raselli, Claudio"]
[Result "1/2-1/2"]
[WhiteElo "2026"]
[BlackElo "1930"]
[PlyCount "142"]
[EventDate "2011.07.25"]

1. d4 d5 2. c4 e6 3. cxd5 exd5 4. Nc3 c6 5. Nf3 Nf6 6. Bg5 Be7 7. Qc2 g6 8. e3
Bf5 9. Bd3 Bxd3 10. Qxd3 Nbd7 11. O-O O-O 12. a3 a5 13. Na4 Ne4 14. Bxe7 Qxe7
15. Nd2 Nxd2 16. Qxd2 Rfe8 17. b4 axb4 18. axb4 b5 19. Nb2 Nb6 20. Nd3 Nc4 21.
Qc3 Rec8 22. h3 Qe8 23. Nc5 Rxa1 24. Rxa1 Ra8 25. Kh2 Qb8+ 26. g3 Ra7 27. e4
Qa8 28. Rxa7 Qxa7 29. exd5 cxd5 30. Qf3 Qa2 31. Qf6 Qe2 32. Nd7 Qe8 33. Qc6 Kg7
34. Qxd5 Qe2 35. Qg2 Nd2 36. g4 Nf3+ 37. Kg3 Nxd4 38. Qd5 Ne6 39. Nc5 Qe1 40.
Nxe6+ Qxe6 41. Qxb5 Qe1 42. Kg2 Qe4+ 43. f3 Qc2+ 44. Kg3 Qc7+ 45. Kg2 Qc2+ 46.
Kg1 Qd1+ 47. Kf2 Qd2+ 48. Kg3 Qe1+ 49. Kf4 Qd2+ 50. Ke4 Qe1+ 51. Kd4 Qf2+ 52.
Kc4 Qc2+ 53. Kd5 Qd1+ 54. Kc6 Qxf3+ 55. Qd5 Qf6+ 56. Qd6 Qf3+ 57. Kc7 Qc3+ 58.
Kd7 Qxh3 59. Qd4+ Kg8 60. Kc6 Qg2+ 61. Kb6 Qa8 62. Qd6 h5 63. gxh5 gxh5 64.
Qg3+ Kf8 65. Qe5 Qd8+ 66. Kc5 Qe7+ 67. Qd6 Qxd6+ 68. Kxd6 h4 69. b5 h3 70. b6
h2 71. b7 h1=Q 1/2-1/2

[Event "XI Open"]
[Site "Condino ITA"]
[Date "2011.07.27"]
[Round "4"]
[White "Medancic, Rikard"]
[Black "Garonzi, Martino"]
[Result "0-1"]
[WhiteElo "2275"]
[BlackElo "2002"]
[PlyCount "80"]
[EventDate "2011.07.25"]

1. d4 Nf6 2. Nf3 g6 3. Bg5 Bg7 4. Nbd2 O-O 5. e4 d6 6. Be2 c6 7. c3 Qc7 8. h3
e5 9. dxe5 dxe5 10. O-O Be6 11. Be3 Nbd7 12. Ng5 Rfe8 13. Nxe6 Rxe6 14. Qc2 Bf8
15. b4 c5 16. b5 Ne8 17. a4 Nd6 18. Nc4 Nf6 19. Nxd6 Rxd6 20. f4 Bh6 21. Rf3
exf4 22. Bxf4 Bxf4 23. Rxf4 Rad8 24. Qc1 Rd2 25. Rxf6 Rxe2 26. Rf2 Rxe4 27. Qg5
Qe7 28. Qg3 Qe5 29. Qf3 Rd7 30. a5 f5 31. Rc1 c4 32. a6 Rd3 33. b6 axb6 34. a7
Qa5 35. Qxe4 fxe4 36. Rcf1 Rd8 37. Rf7 Qxa7 38. Rc7 Rf8 39. Rd1 b5+ 40. Kh2 Rf7
0-1